=LDR 00000nam 2200000 4500 =001 INLIS000000000001439 =005 20130612085837 =008 ***********************************Ind** =035 ##$$a0010-061300000001439 =041 ##$$a Ind =082 ##$$a 808.81 =090 ##$$a 808.81, Sit-d =100 ##$$a SITUMORANG, Sitor =245 ##$$a Dalam sajak, Sitor Situmorang =260 ##$$a 1955 $b Jakarta =300 ##$$a 69 hlm, 18 cm =650 ##$$a Sajak - Kumpulan =850 ##$$a NBPNMAT =990 ##$$a 21400613/BPAP-NTB/20142014